00474cam a2200169 4500001000800000005001700008008004100025010001700066040001800083041000800101080001600109082001600125100000600141101000800147245010800155504004100263461579220180111083136.0730207s1972 nyua b 101 0 eng  a 77182822  aDLCcDLCdDLC aeng a616.079 WIL00a616.079 WIL a3 aSHM10aPhagocytic mechanisms in health and disease.cEdited by Ralph C. Williams, Jr. [and] H. Hugh Fudenberg. aIncludes bibliographical references.